| 000 | 00895nam a2200229 a 4500 | ||
|---|---|---|---|
| 001 | 000024689 | ||
| 005 | 20200930023318.0 | ||
| 008 | 110202s1969 ag r 000 0 spa d | ||
| 040 |
_aDO-SdBNP _bspa _cBNPHU |
||
| 041 | 1 | 7 |
_aspa _heng _2Código de idiomas MARC |
| 082 |
_ann* _bnn* |
||
| 100 | 1 |
_aKowitz, Gerald T. _950622 |
|
| 240 | 1 | 0 |
_aOperating guidance services for the modern school. _lEspañol |
| 245 | 1 | 3 |
_aLa orientación escolar en la enseñanza moderna / _cGerard T. Kowitz y Norma Giess Kowitz ; traducción de Jorge Colapinto. |
| 260 |
_aBuenos Aires : _bTroquel, _c1969. |
||
| 300 |
_a319 p. ; _c22 cm. |
||
| 534 |
_aTítulo del original inglés : _tOperating guidance services for the modern school |
||
| 500 | _aIncluye referencias bibliográficas al pie de las páginas. | ||
| 700 | 1 |
_aGiess Kowitz, Norma. _950623 |
|
| 700 | 1 |
_aColapinto, Jorge, _etr. _950624 |
|
| 049 | _aBNGR | ||
| 999 |
_c24182 _d24182 |
||